<?xml version="1.0" encoding="UTF-8"?>
<record
    xmlns:xsi="http://www.w3.org/2001/XMLSchema-instance"
    xsi:schemaLocation="http://www.loc.gov/MARC21/slim http://www.loc.gov/standards/marcxml/schema/MARC21slim.xsd"
    xmlns="http://www.loc.gov/MARC21/slim">

  <leader>00768naa a2200205 a 4500</leader>
  <controlfield tag="001">83020</controlfield>
  <controlfield tag="003">BD-RjUL</controlfield>
  <controlfield tag="005">20240208145816.0</controlfield>
  <controlfield tag="008">240208s1967    le ||||| |||| 00| 0 ar  d</controlfield>
  <datafield tag="035" ind1=" " ind2=" ">
    <subfield code="a">(BD-RjUL)83020</subfield>
  </datafield>
  <datafield tag="040" ind1=" " ind2=" ">
    <subfield code="a">BD-RjUL</subfield>
    <subfield code="b">eng</subfield>
    <subfield code="c">BD-RjUL</subfield>
  </datafield>
  <datafield tag="041" ind1=" " ind2=" ">
    <subfield code="a">ara</subfield>
  </datafield>
  <datafield tag="082" ind1=" " ind2=" ">
    <subfield code="2">23</subfield>
    <subfield code="a">492.75</subfield>
    <subfield code="b">HAT 1967</subfield>
  </datafield>
  <datafield tag="100" ind1=" " ind2=" ">
    <subfield code="a"> Al-Hashemi, Muhammad bin Ahmed   ;;   :&#x627;&#x644;&#x647;&#x627;&#x634;&#x645;&#x64A;&#x60C; &#x645;&#x62D;&#x645;&#x62F; &#x628;&#x646; &#x623;&#x62D;&#x645;&#x62F;.</subfield>
    <subfield code="9">11581</subfield>
  </datafield>
  <datafield tag="245" ind1=" " ind2=" ">
    <subfield code="a">&#x627;&#x644;&#x62A;&#x648;&#x636;&#x64A;&#x62D;&#x627;&#x62A; &#x627;&#x644;&#x62C;&#x644;&#x64A;&#x629; &#x641;&#x64A; &#x634;&#x631;&#x62D; &#x627;&#x644;&#x622;&#x62C;&#x631;&#x648;&#x645;&#x64A;&#x629;  ;; altawdihat aljaliat fi sharh alajrumia /</subfield>
    <subfield code="c">&#x645;&#x62D;&#x645;&#x62F; &#x628;&#x646; &#x623;&#x62D;&#x645;&#x62F; &#x627;&#x644;&#x647;&#x627;&#x634;&#x645;&#x64A; ;; Mohammed bin Ahmed Al Hashemi</subfield>
  </datafield>
  <datafield tag="260" ind1=" " ind2=" ">
    <subfield code="a"> : &#x627;&#x644;&#x642;&#x627;&#x647;&#x631;&#x629;</subfield>
    <subfield code="b">&#x645;&#x635;&#x637;&#x641;&#x649; &#x627;&#x644;&#x628;&#x627;&#x628;&#x64A; &#x627;&#x644;&#x62D;&#x644;&#x628;&#x64A;&#x60C;,</subfield>
    <subfield code="c">1967</subfield>
  </datafield>
  <datafield tag="300" ind1=" " ind2=" ">
    <subfield code="a">64 p.; </subfield>
    <subfield code="c">20 cm</subfield>
  </datafield>
  <datafield tag="650" ind1=" " ind2=" ">
    <subfield code="a">Arabic Grammar</subfield>
  </datafield>
  <datafield tag="942" ind1=" " ind2=" ">
    <subfield code="2">ddc</subfield>
    <subfield code="c">BK</subfield>
  </datafield>
  <datafield tag="999" ind1=" " ind2=" ">
    <subfield code="c">83020</subfield>
    <subfield code="d">83020</subfield>
  </datafield>
  <datafield tag="952" ind1=" " ind2=" ">
    <subfield code="0">0</subfield>
    <subfield code="1">0</subfield>
    <subfield code="2">ddc</subfield>
    <subfield code="4">0</subfield>
    <subfield code="7">1</subfield>
    <subfield code="8">NFIC</subfield>
    <subfield code="a">RUCL</subfield>
    <subfield code="b">RUCL</subfield>
    <subfield code="c">Reading</subfield>
    <subfield code="d">1938-01-05</subfield>
    <subfield code="e">Golam Maqsud.Helali,,  Sirajgonj,  pabna,</subfield>
    <subfield code="l">0</subfield>
    <subfield code="o">A 492.75 HAT 1967</subfield>
    <subfield code="r">2024-02-08 00:00:00</subfield>
    <subfield code="t">C-1</subfield>
    <subfield code="w">2024-02-08</subfield>
    <subfield code="y">BK</subfield>
  </datafield>
</record>
